| 000 | 00400nam a2200157Ia 4500 | ||
|---|---|---|---|
| 999 |
_c390 _d390 |
||
| 003 | OSt | ||
| 005 | 20190927184830.0 | ||
| 008 | 190722s9999 xx 000 0 und d | ||
| 020 | _a9788120798885 | ||
| 040 | _cmaju | ||
| 100 | _aJaishri Jethwaney, N.N. Sarkar | ||
| 245 | 0 | _aPublic Relations Management | |
| 260 |
_aNew Delhi _bSterling Publishers (Pvt.) Ltd. _c2015 |
||
| 300 | _a362 | ||
| 942 |
_cBK _2ddc |
||